=LDR 00000nam 2200000 4500 =001 INLIS000000000050099 =005 20240212102805 =035 ##$$a 0010-041700000000289 =008 240212################g##########0#ind## =020 ##$$a 978-602-7996-86-1 =040 ##$$a NBPDMAT =082 ##$$a 425 =090 ##$$a 425 $ Mul s =100 ##$$a Mulyati, Emirfan T. =245 1#$$a Supertrik rebut skor tingkat tinggi TOEIC /$c Emirfan T.Mulyati =250 ##$$a Cet. 2 =260 ##$$a Yogyakarta :$b Trans Idea,$c 2016 =300 ##$$a 280 hlm. : $b ilus. ; $c 26 x 18 cm =650 #4$$a TOEIC =850 ##$$a NBPDMAT =084 ##$$a 425 MUL s =500 ##$$a Biografi : hlm. 280 =504 ##$$a Bibliuografi : hlm. 279 =990 ##$$a 31700293 =990 ##$$a 31700294